00237nam a2200085Ia 4500008004100000100001900041245005400060260001500114260002200129170620s9999 xx 000 0 und d aDR.TRIPATHI-SC 0aLEGAL LANGUAGE- LEGAL WRITING AND GENERAL ENGLISH b"ALLAHABAD c CENTRAL LAW PUB"